Význam ekologického poľnohospodárstva a biopotravín v podmienkach Slovenskej republiky
Podstata ekologického poľnohospodárstva. Ekologická poľnohospodárska výroba - špecifické postupy, legislatíva, princípy a ciele ekologického poľnohospodárstva. Porovnanie ekologického a konvenčného poľnohospodárstva. Biopotraviny. Označovanie biopotravín. Vybrané certifikované bioprodukty rastlinnej...
Saved in:
| Main Author: | |
|---|---|
| Other Authors: | |
| Format: | Book Chapter |
| Language: | Slovak |
| Subjects: | |
| Tags: |
No Tags, Be the first to tag this record!
|
MARC
| LEADER | 00000naa$a2200000$$$4500 | ||
|---|---|---|---|
| 001 | 0143971 | ||
| 005 | 20240502072559.6 | ||
| 041 | 0 | |a slo | |
| 044 | |a SK | ||
| 245 | 1 | 0 | |a Význam ekologického poľnohospodárstva a biopotravín v podmienkach Slovenskej republiky |c Ivana Mišúnová Hudáková, Juraj Mišún |
| 520 | |a Podstata ekologického poľnohospodárstva. Ekologická poľnohospodárska výroba - špecifické postupy, legislatíva, princípy a ciele ekologického poľnohospodárstva. Porovnanie ekologického a konvenčného poľnohospodárstva. Biopotraviny. Označovanie biopotravín. Vybrané certifikované bioprodukty rastlinnej a živočíšnej výroby v SR. | ||
| 610 | 2 | 0 | |a poľnohospodárstvo |
| 610 | 2 | 0 | |a ekológia |
| 610 | 2 | 0 | |a bioprodukty |
| 610 | 2 | 0 | |a výroba rastlinná |
| 610 | 2 | 0 | |a výroba živočíšna |
| 610 | 2 | 0 | |a certifikácia |
| 610 | 2 | 0 | |a logo |
| 610 | 2 | 0 | |a legislatíva |
| 610 | 2 | 0 | |a Slovensko |
| 610 | 2 | 0 | |a Európska únia |
| 100 | 1 | |a Mišúnová Hudáková, Ivana, 1976- | |
| 700 | 1 | |a Mišún, Juraj, 1978- | |